Najbardziej zaludnione miasta Islandii - Statystyki

Ogólne statystyki
  • Ten quiz został rozwiązany 64 razy
  • Średni wynik to 4 z 18
Statystyki odpowiedzi
Populacja Miasto % Poprawnych
124,8 tys Reykjavík
98%
17,6 tys Reykjanesbær
54%
18,5 tys Akureyri
46%
36,0 tys Kópavogur
39%
29,4 tys Hafnarfjörður
20%
2,3 tys Húsavík
17%
2,6 tys Ísafjörður
15%
7,2 tys Akranes
14%
3,3 tys Grindavík
14%
7,6 tys Selfoss
14%
2,5 tys Egilsstaðir
10%
12,9 tys Garðabær
8%
10,2 tys Mosfellsbær
8%
4,5 tys Seltjarnarnes
7%
4,3 tys Vestmannaeyjar
5%
2,6 tys Álftanes
3%
2,6 tys Hveragerði
3%
2,6 tys Sauðárkrókur
3%
Nie znaleziono quizów pasujących do podanych kryteriów
Rozkład punktacji
Procent ludzi z każdym wynikiem
Percentyl według liczby udzielonych odpowiedzi
Twoja historia wyników
Nie rozwiązałeś tego quizu